| 000 | 00438nam a22001817a 4500 | ||
|---|---|---|---|
| 003 | MPLRDC | ||
| 005 | 20220104170559.0 | ||
| 008 | 210129b ||||| |||| 00| 0 eng d | ||
| 020 | _a0-7838-8953-4 | ||
| 082 | _a870.57 RED-2 | ||
| 100 | _aJAMES REDFIELD | ||
| 245 |
_aTHE SECRET OF SHAMBHALA _c |
||
| 250 | _a1ST ED. | ||
| 260 |
_aU.S.A. _bWARNER BOOKS INC _c2000 |
||
| 300 | _b312 | ||
| 650 | _aFICTION | ||
| 942 |
_cBK _o870.57 RED-2 |
||
| 999 |
_c58018 _d58008 |
||